Normal view
MARC view
Entry Corporate Name
001 - CONTROL NUMBER
- control field: 45402
003 - CONTROL NUMBER IDENTIFIER
- control field: ARRUPE
005 - DATE AND TIME OF LATEST TRANSACTION
- control field: 20190327120213.0
008 - FIXED-LENGTH DATA ELEMENTS
- fixed length control field: 190327|| aca||aabn | a|a d
040 ## - CATALOGING SOURCE
- Original cataloging agency: ARRUPE
- Transcribing agency: ARRUPE
110 ## - HEADING--CORPORATE NAME
- Corporate name or jurisdiction name as entry element: John D. and Catherine T. MacArthur Foundation.
- Subordinate unit: Health Sciences Program.
670 ## - SOURCE DATA FOUND
- Source citation: Work cat.: (ARRUPE)0: The Emergence of morality in young children /, 1987.